Statistics for Most meat eating countries

Click here to take the quiz!

General Stats

  • This quiz has been taken 33 times
  • The average score is 7 of 15

Answer Stats

Country% Correct
USA
100%
Brazil
94%
Argentina
87%
Australia
81%
Spain
77%
New Zealand
71%
Israel
45%
Austria
35%
Iceland
26%
Hong Kong
19%
Luxembourg
19%
Samoa
10%
Bahamas
6%
St Lucia
3%
St Vincent & The Grenadines
3%

Score Distribution

Percentile by Number Answered

Percent of People with Each Score

Your Score History

You have not taken this quiz